| 000 | 01191cam a2200313 a 4500 | ||
|---|---|---|---|
| 999 |
_c9162 _d9162 |
||
| 001 | 13931397 | ||
| 003 | GZU | ||
| 005 | 20210607115835.0 | ||
| 008 | 050415r20022003enk b 001 0 eng | ||
| 010 | _a 2005272852 | ||
| 020 | _a9780199659906 | ||
| 040 |
_aDLC _cDLC _dDLC |
||
| 050 | 0 | 0 |
_aKD3395 _b.M38 2002 |
| 100 | 1 |
_aMason, J. K. _q(John Kenyon) |
|
| 245 | 1 | 0 |
_aLaw and medical ethics / _cJ.K. Mason, R.A. McCall Smith, G.T. Laurie. |
| 250 | _a9th ed. | ||
| 260 |
_aOxford : _bOxford University Press, _cc2013. _g2013 |
||
| 300 |
_a724 p. ; _c24 cm. |
||
| 500 | _aIncludes bibliographical references and index | ||
| 650 | 0 | _aMedical laws and legislation. | |
| 650 | 0 | _aMedical ethics. | |
| 700 | 1 |
_aMcCall Smith, Alexander, _d1948- |
|
| 700 | 1 |
_aLaurie, G. T. _q(Graeme T.) |
|
| 856 | 4 | 2 |
_3Publisher description _uhttp://www.loc.gov/catdir/enhancements/fy0637/2005272852-d.html |
| 856 | 4 | 1 |
_3Table of contents only _uhttp://www.loc.gov/catdir/enhancements/fy0637/2005272852-t.html |
| 906 |
_a7 _bcbc _corigcop _d2 _encip _f20 _gy-gencatlg |
||
| 942 |
_2lcc _cBK _e9th _h3395 _iMAS _kKD _m2013 |
||